书目信息 |
| 题名: |
中国语言和中国社会
|
|
| 作者: | 陈建民 著 | |
| 分册: | ||
| 出版信息: | 广州 广东教育出版社 1999 |
|
| 页数: | 320页 | |
| 开本: | 20cm | |
| 丛书名: | 语言文字应用研究丛书 | |
| 单 册: | ||
| 中图分类: | H1-05 | |
| 科图分类: | ||
| 主题词: | 汉语--关系--社会--研究--中国 | |
| 电子资源: | ||
| ISBN: | 7-5406-4027-8 | |
| 000 | 00756nam2 2200241 45 | |
| 001 | 0410191057 | |
| 005 | 20041027091546.9 | |
| 010 | @a7-5406-4027-8@dCNY23.00 | |
| 100 | @a20041019d1999 km y0chiy0120 ea | |
| 101 | 0 | @achi |
| 105 | @a z 000yy | |
| 200 | 1 | @a中国语言和中国社会@AZhong Guo Yu Yan He Zhong Guo She Hui@f陈建民著@FChen Jian Min Zhu |
| 210 | @a广州@c广东教育出版社@d1999 | |
| 215 | @a320页@d20cm | |
| 225 | @a语言文字应用研究丛书@f许嘉璐等主编 | |
| 300 | @a本丛书荣获第十二届中国图书奖 | |
| 410 | @12001 @a语言文字应用研究丛书 | |
| 410 | @1700 0@a许嘉璐@AXu Jia Lu@4主编 | |
| 606 | 0 | @a汉语@x关系@x社会@x研究@y中国 |
| 690 | @aH1-05@v4 | |
| 701 | 0 | @a陈建民@4著 |
| 801 | @aCN@bTSTCL@c20041019 | |
| 905 | @b335911-918@dH1-05@e73@f8 | |
| 中国语言和中国社会/陈建民著.-广州:广东教育出版社,1999 |
| 320页;20cm.-(语言文字应用研究丛书/许嘉璐等主编) |
| 本丛书荣获第十二届中国图书奖 |
| ISBN 7-5406-4027-8:CNY23.00 |
| ● |
| 相关链接 |
|
|
|
|
正题名:中国语言和中国社会
索取号:H1-05/73
 
预约/预借
| 序号 | 登录号 | 条形码 | 馆藏地/架位号 | 状态 | 备注 |
| 1 | 0335911 | 203359114 | 第四借阅区/ [索取号:H1-05/73] | 在馆 | |
| 2 | 0335912 | 203359123 | 第四借阅区/ [索取号:H1-05/73] | 在馆 | |
| 3 | 0335913 | 203359132 | 第四借阅区/ [索取号:H1-05/73] | 在馆 | |
| 4 | 0335914 | 203359141 | 第四借阅区/ [索取号:H1-05/73] | 在馆 | |
| 5 | 0335915 | 203359150 | 第四借阅区/ [索取号:H1-05/73] | 在馆 | |
| 6 | 0335916 | 203359169 | 第四借阅区/ [索取号:H1-05/73] | 在馆 | |
| 7 | 0335917 | 203359178 | 第四借阅区/ [索取号:H1-05/73] | 在馆 | |
| 8 | 0335918 | 203359187 | 第二样本阅览室/ [索取号:H1-05/73] | 在馆 |